000 00383cam a22001217a 4500
008 180718b1978 xxu||||| |||| 00| 0 eng d
082 _aA75 An24N
245 _aAndhra Pradesh district gazetteers: Nalgonda
_cedited by M.V. Rajagopal
260 _aHyderabad
_bAndhra Pradesh District Gazetteers
_c1978
300 _a344+p.
650 _aNalgonda - Gazetteers
700 _aRajagopal, M.V.
999 _c486866
_d486866